Statistiques concernant Les Schtroumpfs de A à Z

Cliquez ici pour prendre le quiz!

Statistiques générales

  • Ce quiz a été pris 300 fois
  • Le résultat moyen est 13 sur 24

Statistiques - réponses

LettresIndicesRéponses% Correct
BCouleur des SchtroumpfsBleu
100%
GSorcier tentant désespérément de capturer les SchtroumpfsGargamel
99%
FSchtroumpf aimant offrir des cadeaux explosifsSchtroumpf {Farceur}
94%
CMaison des SchtroumpfsChampignon
92%
RCouleur des vêtements du Grand SchtroumpfRouge
90%
ELe Schtroumpf Frileux en porte toujours uneÉcharpe
88%
AChat rouxAzrael
85%
TCe que possède le Schtroumpf Costaud sur son bras droitTatouage
83%
LSigne distinctif du Schtroumpf qui fait la moraleLunettes
77%
QLes Schtroumpfs Noirs la morde pour contaminer les autres SchtroumpfsQueue
64%
MLorsque la foudre est tombée sur cet objet, cela à créer un double du Schtroumpf CoquetMiroir
63%
ILe village des Schtroumpfs est censé l'être si un Schtroumpf ne vous en indique pas le cheminIntrouvable
57%
SPlante dont raffole les SchtroumpfsSalsepareille
52%
PCréateur des SchtroumpfsPeyo
45%
NCe qu'est la tempête blanche dans le 39ème albumNeige
40%
ZLes Schtroumpfs Noirs peuvent être considérés comme une parodie de cette créatureZombie
32%
YPrénom du scénariste ayant collaboré avec l'auteur sur 8 albums des Schtroumpfs{Yvan} Delporte
29%
JAutre BD du même auteur dans laquelle apparaissent à plusieurs reprises les SchtroumpfsJohan et Pirlouit
28%
WSociété ayant distribués la série animée de 1981Warner Bros. Pictures
25%
UCe en quoi est la SchtroumpfonieUt
20%
OObjet exauçant un voeu quand on tape dessus, et qui a semé la zizanie dans le villageOeuf
15%
VLe plus âgé de tous les Schtroumpfs{Vieux} {Vieux} Schtroumpf
15%
HViel enchanteur qui aide occasionnellement les SchtroumpfsHomnibus
10%
D18ème album des SchtroumpfsDocteur Schtroumpf
3%

Distribution des résultats

Percentile par nombre de réponses

% des personnes avec chaque résultat

Votre développement - résultats

Vous n’avez pas pris ce quiz